Dotace z fondů EU budou štědré i po roce 2013

Budúce nastavenie dotácií zo štrukturálnych fondov Európskej únie pre Českú republiku. Operačné programy a koordinácia prípravy budúceho programovacieho obdobia. Úloha bánk ako poskytovateľov úverov na predfinancovanie.

Enregistré dans:
Détails bibliographiques
Auteur principal: Jedlička, Jan
Format: Chapitre de livre
Langue:tchèque
Sujets:
Tags: Ajouter un tag
Pas de tags, Soyez le premier à ajouter un tag!

MARC

LEADER 00000naa a2200000 4500
001 0174516
005 20231211082848.5
041 0 |a cze 
044 |a CZ 
245 1 0 |a Dotace z fondů EU budou štědré i po roce 2013  |c Jan Jedlička 
520 |a Budúce nastavenie dotácií zo štrukturálnych fondov Európskej únie pre Českú republiku. Operačné programy a koordinácia prípravy budúceho programovacieho obdobia. Úloha bánk ako poskytovateľov úverov na predfinancovanie. 
610 2 0 |a Česko 
610 2 0 |a Európska únia 
610 2 0 |a fondy štruktúrne 
610 2 0 |a fondy Európskej únie 
610 2 0 |a spolupráca medzinárodná 
100 1 |a Jedlička, Jan